Online
Catalog

Así era Henry David Thoreau : (Record no. 22213)

MARC details
000 -CABECERA
campo de control de longitud fija 00932nam a2200241 a 4500
001 - NÚMERO DE CONTROL
campo de control 000022716
005 - FECHA Y HORA DE LA ÚLTIMA TRANSACCIÓN
campo de control 20200930021745.0
008 - DATOS DE LONGITUD FIJA--INFORMACIÓN GENERAL
campo de control de longitud fija 101116s1985 ag r 000 mbspa d
020 ## - NÚMERO INTERNACIONAL ESTÁNDAR DEL LIBRO
Número Internacional Estándar del Libro 9509097411
040 ## - FUENTE DE LA CATALOGACIÓN
Centro catalogador/agencia de origen DO-SdBNP
Lengua de catalogación spa
Centro/agencia transcriptor BNPHU
041 17 - CÓDIGO DE LENGUA
Código de lengua del texto/banda sonora o título independiente spa
Código de lengua original eng
Fuente del código Código de idioma MARC
082 ## - NÚMERO DE LA CLASIFICACIÓN DECIMAL DEWEY
Número de clasificación 928.1
Número de documento/Ítem T488W
049 ## - FONDOS LOCALES (OCLC)
Fondos de biblioteca BNGR
100 1# - ENTRADA PRINCIPAL--NOMBRE DE PERSONA
Nombre de persona Wagenknecht, Edward,
Fechas asociadas al nombre 1900-2004
9 (RLIN) 46688
240 10 - TÍTULO UNIFORME
Título uniforme Henry David Thoreau.
Lenguaje de la obra Español.
245 10 - MENCIÓN DE TÍTULO
Título Así era Henry David Thoreau :
Resto del título retrato de un hombre extraño /
Mención de responsabilidad, etc. Edward wagenknecht ; traducción de Anibal Leal.
260 ## - PUBLICACIÓN, DISTRIBUCIÓN, ETC.
Lugar de publicación, distribución, etc. Buenos Aires :
Nombre del editor, distribuidor, etc. Fraterna,
Fecha de publicación, distribución, etc. 1985.
300 ## - DESCRIPCIÓN FÍSICA
Extensión 273 p. ;
Dimensiones 20 cm.
504 ## - NOTA DE BIBLIOGRAFÍA, ETC.
Nota de bibliografía, etc. Incluye referencias bibliográficas y notas al final de capítulo.
534 ## - NOTA SOBRE LA VERSIÓN ORIGINAL
Frase introductoria Título original en inglés:
Mención de título del original Henry David Thoreau
Publicación, distribución, etc. del original E.U.A. : The University of Massachusetts, 1981.
600 10 - PUNTO DE ACCESO ADICIONAL DE MATERIA--NOMBRE DE PERSONA
Nombre de persona THOREAU, HENRY DAVID,
Fechas asociadas al nombre 1817-1862
9 (RLIN) 11967
700 1# - PUNTO DE ACCESO ADICIONAL--NOMBRE DE PERSONA
Nombre de persona Leal, Anibal,
Término indicativo de función/relación tr.
9 (RLIN) 4573
Holdings
Estado de retiro Estado de pérdida Restricciones de uso No para préstamo Código de colección Localización permanente Ubicación/localización actual Ubicación en estantería Fecha de adquisición Número de inventario Total de préstamos Signatura topográfica completa Código de barras Fecha visto por última vez Precio válido a partir de Tipo de ítem Koha
    Préstamo interno   Monografías: Libros y Folletos General General En catalogación 16.11.2010 LF1   928.1 T488W 22716-10 25.06.2020 25.06.2020 Préstamo interno

Powered by Koha